| 000 | 00000nam##2200000za#4500 |
| 001 | 9.596851 |
| 003 | CaOODSP |
| 005 | 20210624203738 |
| 007 | cr ||||||||||| |
| 008 | 150406|2008||||xxc|||||o f|0| 0 fre|d |
| 020 | |a978-1-100-90493-1 |
| 040 | |aCaOODSP|bfre |
| 043 | |an-cn--- |
| 086 | 1 |aCW69-5/496F-PDF |
| 110 | 2 |aService canadien de la faune. |
| 245 | 10|aDiminution de la couverture végétale dans le delta de la rivière Anderson, dans les Territoires du Nord-Ouest, d'après des images Landsat prises de 1972 à 2003 / |h[ressource électronique]|cGary A. Borstad ... [et al.]. |
| 260 | |aYellowknife - Territoires du Nord-Ouest : |bEnvironnement Canada. |c2008. |
| 300 | |a39p.|bcartes en couleur, graphiques, tableaux, photographies |
| 490 | 1 |aService canadien de la faune, rapport technique|vN° 496 |
| 500 | |aLe n° de catalogue (CW69-5/496F) et l'ISBN (978-1-100-10656-4) de l'édition imprimée bilingue ont été incorrectement copiés dans cette édition électronique. |
| 504 | |aBibliographie. |
| 590 | |a11-30-Supp|b2011-12-02 |
| 720 | 1 |aBorstad, Gary A. |
| 830 | #0|aSérie de rapports techniques (Service canadien de la faune)|vN° 496|w(CaOODSP)9.500915 |
| 856 | 40|ahttp://publications.gc.ca|qPDF|s5.02 Mo|uhttps://publications.gc.ca/collections/collection_2011/ec/CW69-5-496-fra.pdf|yN° 496 |